Mass communication law and ethics :A Casebook (Record no. 11472)

MARC details
000 -LEADER
fixed length control field 00419nam a22001577a 4500
003 - CONTROL NUMBER IDENTIFIER
control field OSt
005 - DATE AND TIME OF LATEST TRANSACTION
control field 20211011144714.0
008 - FIXED-LENGTH DATA ELEMENTS--GENERAL INFORMATION
fixed length control field 211011b |||||||| |||| 00| 0 eng d
020 ## - INTERNATIONAL STANDARD BOOK NUMBER
International Standard Book Number 0805832785
040 ## - CATALOGING SOURCE
Original cataloging agency HU
Transcribing agency DDC
082 ## - DEWEY DECIMAL CLASSIFICATION NUMBER
Classification number 343.73099/MOO
245 ## - TITLE STATEMENT
Title Mass communication law and ethics :A Casebook
260 ## - PUBLICATION, DISTRIBUTION, ETC.
Place of publication, distribution, etc. New Jeresy
Name of publisher, distributor, etc. Lawrence Erlbaum associates
Date of publication, distribution, etc. 1999
300 ## - PHYSICAL DESCRIPTION
Extent vii,339p,25cm
942 ## - ADDED ENTRY ELEMENTS (KOHA)
Source of classification or shelving scheme Dewey Decimal Classification
Koha item type Books like text book referance book
Suppress in OPAC No
Holdings
Withdrawn status Lost status Source of classification or shelving scheme Damaged status Not for loan Home library Current library Shelving location Date acquired Total Checkouts Full call number Barcode Date last seen Copy number Price effective from Koha item type
    Dewey Decimal Classification     Law & Governance lLbrary Law & Governance lLbrary General Stacks 10/11/2021   343.73.99/MOO LGCLIB0000828 10/11/2021 C1 10/11/2021 Books like text book referance book
    Dewey Decimal Classification     Law & Governance lLbrary Law & Governance lLbrary General Stacks 10/11/2021   343.73099/MOO LGCLIB0000829 10/11/2021 C2 10/11/2021 Books like text book referance book
    Dewey Decimal Classification     Law & Governance lLbrary Law & Governance lLbrary General Stacks 10/11/2021   343.73099/MOO LGCLIB0000830 10/11/2021 C3 10/11/2021 Books like text book referance book
    Dewey Decimal Classification     Law & Governance lLbrary Law & Governance lLbrary General Stacks 10/11/2021   343.73099/MOO LGCLIB0000831 10/11/2021 C4 10/11/2021 Books like text book referance book
    Dewey Decimal Classification     Law & Governance lLbrary Law & Governance lLbrary General Stacks 10/11/2021   343.73099/MOO LGCLIB0000832 10/11/2021 C5 10/11/2021 Books like text book referance book
    Dewey Decimal Classification     Law & Governance lLbrary Law & Governance lLbrary General Stacks 10/11/2021   343.73099/MOO LGCLIB0000833 10/11/2021 C6 10/11/2021 Books like text book referance book
    Dewey Decimal Classification     Law & Governance lLbrary Law & Governance lLbrary General Stacks 10/11/2021   343.73099/MOO LGCLIB0000834 10/11/2021 C7 10/11/2021 Books like text book referance book
    Dewey Decimal Classification     Law & Governance lLbrary Law & Governance lLbrary General Stacks 10/11/2021   343.73099/MOO LGCLIB0000835 10/11/2021 C8 10/11/2021 Books like text book referance book
    Dewey Decimal Classification     Law & Governance lLbrary Law & Governance lLbrary General Stacks 10/11/2021   343.73099/MOO LGCLIB0000836 10/11/2021 C9 10/11/2021 Books like text book referance book